Countries of Africa Quiz Stats

 Plays Quiz Updated Jul 2, 2018

Score 0/54 Timer 10:00
637 Plays Today
% Correct
Egypt
95.9%
South
Africa
95.7%
Madagascar
92.5%
Niger
91.1%
Morocco
89.7%
Sudan
89.1%
Nigeria
88.9%
Libya
87.4%
Algeria
87.2%
Kenya
86.4%
Ethiopia
86.3%
Somalia
85.3%
Chad
85%
Democratic
Republic
of
the
Congo
85%
Zimbabwe
82%
South
Sudan
81.6%
Tunisia
81.5%
Cote
d'Ivoire
78.9%
Ghana
78.5%
Mali
77.7%
Rwanda
77.4%
Republic
of
the
Congo
77.3%
Uganda
75.7%
Zambia
74.2%
Lesotho
73.7%
eSwatini
73.7%
Central
African
Republic
73.5%
% Correct
Tanzania
73.4%
Mozambique
72.6%
Namibia
72.5%
Botswana
72.3%
Guinea
72%
Togo
71.2%
Angola
71%
Liberia
70.6%
Cameroon
69.1%
Eritrea
68.6%
Senegal
66.7%
Mauritania
65.3%
Djibouti
65%
Sierra
Leone
64.9%
Malawi
63.3%
Benin
61.8%
Seychelles
61.4%
The
Gambia
61.4%
Equatorial
Guinea
61.2%
Gabon
56.9%
Burkina
Faso
56.9%
Guinea-Bissau
56.8%
Burundi
56.8%
Mauritius
56.7%
Cabo
Verde
54.1%
Comoros
49.2%
Sao
Tome
and
Principe
47.5%

You're not logged in!

Compare scores with friends on all Sporcle quizzes.
OR
Log In

Sporcle TV

Every Country in Africa Quiz


Join Derek as he gives us a walkthrough on how to memorize every country on this quiz!

Show Comments

Extras

Top Quizzes Today


Score Distribution

Your Account Isn't Verified!

In order to create a playlist on Sporcle, you need to verify the email address you used during registration. Go to your Sporcle Settings to finish the process.

Report this User

Report this user for behavior that violates our Community Guidelines.

Details: